M*A*S*H Recurring Characters Quiz Stats

 Plays Quiz not verified by Sporcle

Score 0/13 Timer 04:00
1 Play Today
Character % Correct
Captain Benjamin Franklin Pierce
93.9%
Corporal Walter Eugene O'Reilly
90.8%
Major Margaret Houlihan
90.2%
Corporal Maxwell Q Klinger
89.7%
Major Franklin Marion Burns
89.4%
Colonel Sherman T. Potter
87.7%
Captain B.J. Hunnicut
86.9%
Major Charles Emerson Winchester
84.1%
Lt Colonel Henry Blake
83.8%
Captain John McIntyre
82.7%
Father Francis Mulcahy
67.9%
Lieutenant Kellye Yamato
51.7%
Igor Straminsky
47.2%

You're not logged in!

Compare scores with friends on all Sporcle quizzes.
OR
Log In

Show Comments

Extras

Created Oct 21, 2010SourceReportNominate
Tags:mash

Top Quizzes Today


Score Distribution

Your Account Isn't Verified!

In order to create a playlist on Sporcle, you need to verify the email address you used during registration. Go to your Sporcle Settings to finish the process.

Report this User

Report this user for behavior that violates our Community Guidelines.

Details: